000 00844nas a2200253 4500
001 BR0402047
003 BR-BrBNA
005 20231205104512.0
007 ta
008 230509b bl.|||p| |||| 00| 00por d
040 _aBR-BrBNA
_bpor
_cBiblioteca Nacional de Agricultura
041 _a(Pt)
072 _aE71
100 1 _aPinazza, L.A.
100 1 _aBergamaschi, M.
245 1 _aTrês frentes de negociação; eliminação do subsídio agrícola pode aumentar em US$ 1,5 trilhão a receita dos países em desenvolvimento, mas a resistência é enorme
650 _aCOMÉRCIO EXTERIOR
650 _aALCA
650 _aMERCADO INTERNACIONAL
650 _aSUBSÍDIO
773 0 _tAgroanalysis (Brazil)
_xISSN 0100-4298
_g(Jan 2004), v. 23(10) p. 12-13
_wBR0402047
909 _a202311
_bLúcia
_c55
_dLúcia Elande
942 _2AGRIS
_n0
_cANA
999 _c178422
_d178422